000
00310nam a22001337a 4500
008
171123b xxu||||| |||| 00| 0 eng d
020
_a
9780471272137
041
_a
eng
080
_a
62
100
_a
26
101
_a
IM
245
_a
THE ANALYSIS AND DESIGN OF LINEAR CIRCUITS
_c
THOMAS,R.E
942
_2
udc
_c
BK
999
_c
38408
_d
38408